000 00748cam a22002295a 4500
001 L159317
008 160809s2016 xxk f 000 0 eng d
020 _a9781118839386
035 _a(Sirsi) u159317
041 0 _aeng
100 1 _aSmith, Paul
245 0 0 _aStructural design of buildings
_h[electronic resource]
260 _aOxford
_bJohn Wiley & Sons
_c2016
300 _aeBook
520 _aExplains the structural components of buildings included worked examples and guidance.
650 2 4 _aEBOOK
650 2 4 _aBUILDING COMPONENTS
651 4 _aUnited Kingdom
_y
690 _aBuilding materials and defects
856 4 0 _uhttps://www.vlebooks.com/
_zView on VLEbooks. Logins for members only from [email protected]
942 _n0
999 _c115800
_d115800